00398nam a2200145Ia 4500008004100000020001500041041001200056082001600068100001300084245008400097260003400181300000700215650001600222700001400238221030s9999 xx 000 0 und d a8175440570 aEnglish a105.23bMeh aS. Mehta 0aWheeler`s Question Bank Series - OOPs & Programming C++cby S. Mehta, R. Bangia bWheeler Pub.aNew Delhic1999 a92 aBE Computer aR. Bangia